Incidence and development of dryness in some modern Hevea cultivars (Record no. 60975)

MARC details
000 -LEADER
fixed length control field 00447nam a2200145Ia 4500
100 ## - MAIN ENTRY--AUTHOR NAME
Personal name Sivakumaran S
245 #0 - TITLE STATEMENT
Title Incidence and development of dryness in some modern Hevea cultivars
260 ## - PUBLICATION, DISTRIBUTION, ETC. (IMPRINT)
Name of publisher Proceedings of the RRIM Rubber Growers Conference, Ipoh, Perak 1986; p104-125
650 ## - SUBJECT ADDED ENTRY--TOPICAL TERM
Topical Term Hevea cultivars
650 ## - SUBJECT ADDED ENTRY--TOPICAL TERM
Topical Term Tapping cut
700 ## - ADDED ENTRY--PERSONAL NAME
Personal name Kheng C O
700 ## - ADDED ENTRY--PERSONAL NAME
Personal name Tiong G L
942 ## - ADDED ENTRY ELEMENTS (KOHA)
Koha item type Journals
Holdings
Withdrawn status Lost status Damaged status Not for loan Home library Current library Shelving location Date acquired Koha item type
      Journals RRII Library RRII Library Physiology 17/12/2021 Journals